About face 2.0: the essentials of interaction design
Uloženo v:
| Hlavní autoři: | , |
|---|---|
| Médium: | Kniha |
| Jazyk: | angličtina |
| Vydáno: |
Indianápolis
Wiley
2003
|
| Témata: | |
| Tagy: |
Přidat tag
Žádné tagy, Buďte první, kdo vytvoří štítek k tomuto záznamu!
|
MARC
| LEADER | 00000nam a2200000 a 4500 | ||
|---|---|---|---|
| 001 | UCK6903 | ||
| 003 | CL-VaPUC | ||
| 008 | 051021e20030000US |||||||||||||||||eng|d | ||
| 020 | |a 0764526413 | ||
| 082 | 0 | 4 | |a 005.437 |b COO |2 21 |
| 100 | 0 | |a Cooper, Alan |e author |9 496409 | |
| 700 | 0 | |a Reimann, Robert |e author |9 496410 | |
| 245 | 1 | 0 | |a About face 2.0: the essentials of interaction design |
| 300 | |a 540 p | ||
| 942 | |c BK | ||
| 945 | |d 20051021 00:00:00 |a jcarroza | ||
| 260 | |a Indianápolis |b Wiley |c 2003 | ||
| 600 | 0 | 7 | |a FACE 2.0 |2 CL-VaPUC |9 496411 |
| 650 | 7 | |a DISEÑO DE INTERFASES |2 CL-VaPUC |9 472246 | |
| 650 | 0 | |a Software |9 387312 | |
| 583 | |a last modification |c 20051021 00:00:00 |k Rodrigo Vera | ||
| 999 | |c 315039 |d 315037 | ||
| 952 | |0 0 |1 0 |4 0 |6 005_437000000000000_COO_2003 |7 0 |8 P |9 387938 |a BIBARQ |b BIBARQ |d 2019-11-22 |i 4176790 |o 005.437 COO 2003 |p 4176790 |r 2025-01-20 |w 2019-11-22 |y BK |k ARQ | ||